| 000 | 00496nam a2200193Ia 4500 | ||
|---|---|---|---|
| 008 | 180207s9999 xx 000 0 und d | ||
| 020 | _a9789810903046 | ||
| 050 | _bA134 2013 | ||
| 100 | _aAbbott, Simon | ||
| 245 | _aJourney through the solar system : | ||
| 245 | _bthe wonderful world of Simon Abbott / | ||
| 245 | _cby Simon Abbott. | ||
| 260 | _aNew York : | ||
| 260 | _bScholastic, | ||
| 260 | _c2013 | ||
| 300 | _aunpaged : | ||
| 300 | _bcolor illustrations ; | ||
| 300 | _c29cm. | ||
| 999 |
_c355864 _d355864 |
||